| 000 | 00811nam a22002057a 4500 | ||
|---|---|---|---|
| 999 |
_c19407 _d19407 |
||
| 003 | AR-CdUCM | ||
| 008 | 190517b ||||| |||| 00| 0 spa d | ||
| 040 |
_aMUNICIPALIDAD PROVINCIAL DEL CUSCO _cBIBLIOTECA MUNICIPAL DEL CUSCO |
||
| 082 |
_a301.15 / _bC43 |
||
| 245 | _aComunicación y democracia en América Latina / | ||
| 260 |
_aLima : _bDESCO, _c1982. |
||
| 300 |
_a327 páginas ; _c21 cm. |
||
| 505 | _aContenido: Los regímenes autoritarios -- Los cambios institucionales -- Las experiencias de comunicación popular -- Algunos problemas teóricos... | ||
| 650 |
_aComunicación y política _940732 |
||
| 650 |
_aDemocracia _92598 |
||
| 650 |
_aAmérica Latina _91130 |
||
| 710 |
_aDESCO, Centro de Estudios y Promoción del Desarrollo (Lima) _94125 |
||
| 942 |
_2ddc _cLIBROS |
||
| 945 |
_aacv _d2019-05-17 |
||